| 000 | 00576cam a2200205ua 4500 | ||
|---|---|---|---|
| 001 | 11614 | ||
| 005 | 20260515114757.0 | ||
| 008 | 191012n ii |||gr||||Z||||||eng | ||
| 020 | _a9788120311725 | ||
| 040 | _cMAIN | ||
| 041 | _aeng | ||
| 082 | _a005 | ||
| 100 |
_aV Rajaraman, _eAuthor. |
||
| 245 |
_aComputer programming in fortran 77 : _bWith an introduction to fortran 90 / _cBy V Rajaraman . |
||
| 250 | _a53rd pri. | ||
| 260 |
_aDelhi: _bPHI learning private limited, _c2018. |
||
| 300 | _a198p. | ||
| 653 | _aComputer programming, programs & data | ||
| 942 | _cBK | ||
| 999 |
_c10418 _d10418 |
||